[Event "7th Iberoamerican-ch 2019"]
[Site "Linares"]
[Date "2019.08.13"]
[Round "4.38"]
[White "Diaz Mino, Daniel"]
[Black "Diaz Mino, Pablo"]
[Result "1-0"]
[WhiteElo "1835"]
[BlackElo "2109"]
[Annotator "NA"]
[PlyCount "139"]
[EventDate "2019.08.10"]
[EventType "swiss"]
[EventCountry "ESP"]
[SourceTitle "playchess.com"]
[Source "ChessBase"]
[SourceQuality "1"]
[TimeControl "5400+30"]

1. e4 {[%emt 0:00:00]} e5 {[%emt 0:00:00]} 2. Nf3 {[%emt 0:00:00]} Nc6 {[%emt 0:00:00]} 3. d4 {[%emt 0:00:00]} exd4 {[%emt 0:00:00]} 4. Nxd4 {[%emt 0:00:00]} Bb4+ {[%emt 0:02:24]} 5. c3 {[%emt 0:01:40]} Bc5 {[%emt 0:00:01]} 6. Nxc6 {[%emt 0:01:37]} bxc6 {[%emt 0:00:26]} 7. Bc4 {[%emt 0:02:30]} Qh4 {[%emt 0:03:50]} 8. O-O {[%emt 0:03:09]} Nf6 {[%emt 0:01:09]} 9. g3 {[%emt 0:08:09]} Qh3 {[%emt 0:02:33]} 10. Qf3 {[%emt 0:02:35]} O-O {[%emt 0:01:57]} 11. Bf4 {[%emt 0:01:10]} d6 {[%emt 0:03:34]} 12. Nd2 {[%emt 0:03:12]} Nh5 {[%emt 0:01:52]} 13. Be2 {[%emt 0:13:39]} Nxf4 {[%emt 0:02:12]} 14. Qxf4 {[%emt 0:01:06]} Be6 {[%emt 0:02:40]} 15. Bf3 {[%emt 0:01:38]} a5 {[%emt 0:02:21]} 16. Nb3 {[%emt 0:02:27]} Bxb3 {[%emt 0:01:33]} 17. Bg4 {[%emt 0:02:02]} Qh6 {[%emt 0:01:54]} 18. Qxh6 {[%emt 0:00:41]} gxh6 {[%emt 0:00:02]} 19. axb3 {[%emt 0:00:13]} Rfb8 {[%emt 0:05:45]} 20. Bd1 {[%emt 0:01:28]} d5 {[%emt 0:01:12]} 21. Ra4 Rd8 {[%emt 0:03:59]} 22. Bc2 {[%emt 0:13:29]} Bb6 {[%emt 0:04:24]} 23. Rd1 {[%emt 0:03:39]} Rab8 {[%emt 0:08:48]} 24. Kg2 {[%emt 0:02:26]} Rd6 {[%emt 0:02:54]} 25. e5 {[%emt 0:08:40]} Re6 {[%emt 0:01:46]} 26. Rg4+ {[%emt 0:02:41]} Kh8 {[%emt 0:30:15]} 27. f4 {[%emt 0:05:29]} Bc5 {[%emt 0:06:00]} 28. Ra1 {[%emt 0:03:06]} Ree8 {[%emt 0:00:44]} 29. Rh4 {[%emt 0:03:16]} f6 30. Rxh6 fxe5 {[%emt 0:00:37]} 31. Rxh7+ {[%emt 0:05:27]} Kg8 {[%emt 0:00:01]} 32. Kh3 {[%emt 0:02:34]} e4 {[%emt 0:01:30]} 33. Rxc7 {[%emt 0:00:17]} Re6 {[%emt 0:04:52]} 34. Re1 {[%emt 0:01:01]} Bd6 {[%emt 0:03:33]} 35. Rxc6 {[%emt 0:01:42]} Kf7 {[%emt 0:00:55]} 36. Ra6 {[%emt 0:00:36]} Rh8+ {[%emt 0:01:24]} 37. Kg2 {[%emt 0:00:12]} Reh6 {[%emt 0:00:10]} 38. Ra7+ {[%emt 0:00:20]} Ke6 {[%emt 0:00:17]} 39. Rh1 {[%emt 0:00:34]} Rg8 {[%emt 0:00:32]} 40. Ra6 {[%emt 0:00:57]} Rh5 {[%emt 0:01:03]} 41. Re1 {[%emt 0:01:09]} Rgh8 {[%emt 0:00:18]} 42. h4 {[%emt 0:00:16]} Rg8 {[%emt 0:00:19]} 43. Kh3 {[%emt 0:00:18]} Rh7 {[%emt 0:00:42]} 44. c4 {[%emt 0:00:52]} Rhg7 {[%emt 0:00:26]} 45. cxd5+ {[%emt 0:00:24]} Kxd5 {[%emt 0:00:04]} 46. Bxe4+ {[%emt 0:00:25]} Kc5 {[%emt 0:00:16]} 47. Rc6+ {[%emt 0:01:29]} Kb4 {[%emt 0:00:20]} 48. Rxd6 {[%emt 0:00:43]} Rxg3+ {[%emt 0:00:02]} 49. Kh2 {[%emt 0:00:21]} R3g4 {[%emt 0:00:04]} 50. Rh6 {[%emt 0:02:42]} Rxf4 {[%emt 0:00:14]} 51. Bd5 {[%emt 0:00:45]} Rgg4 {[%emt 0:01:26]} 52. Kh3 {[%emt 0:00:37]} Rd4 {[%emt 0:00:18]} 53. Rc1 {[%emt 0:00:45]} Kb5 {[%emt 0:01:42]} 54. Bc4+ {[%emt 0:00:28]} Kb4 {[%emt 0:00:12]} 55. Rb6+ {[%emt 0:01:13]} Kc5 {[%emt 0:00:01]} 56. Be6+ {[%emt 0:00:42]} Kxb6 {[%emt 0:00:01]} 57. Bxg4 {[%emt 0:00:12]} Rd3+ {[%emt 0:00:08]} 58. Kg2 {[%emt 0:00:12]} Rxb3 {[%emt 0:00:01]} 59. Rc2 {[%emt 0:00:19]} Rd3 {[%emt 0:00:30]} 60. Bf3 {[%emt 0:00:12]} Rd8 {[%emt 0:00:11]} 61. h5 {[%emt 0:00:15]} Kb5 {[%emt 0:00:13]} 62. Kh3 {[%emt 0:00:25]} Kb4 {[%emt 0:00:08]} 63. Rg2 {[%emt 0:00:29]} Kb3 {[%emt 0:00:08]} 64. Bg4 {[%emt 0:00:15]} Rd6 {[%emt 0:00:21]} 65. Kh4 {[%emt 0:00:10]} a4 {[%emt 0:00:18]} 66. Kg5 {[%emt 0:00:13]} Rd5+ {[%emt 0:00:29]} 67. Bf5 {[%emt 0:00:20]} Rd8 {[%emt 0:00:03]} 68. Bg6 {[%emt 0:00:13]} Rd5+ {[%emt 0:00:11]} 69. Kh6 {[%emt 0:00:09]} Rd7 {[%emt 0:00:05]} 70. Bc2+ 1-0

[Event "7th Iberoamerican-ch 2019"]
[Site "Linares"]
[Date "2019.08.13"]
[Round "4.39"]
[White "Jimenez Bernal, Francisco"]
[Black "Moreno Bello, Miguel"]
[Result "1-0"]
[WhiteElo "2222"]
[BlackElo "1544"]
[Annotator "NA"]
[PlyCount "85"]
[EventDate "2019.08.10"]
[EventType "swiss"]
[EventCountry "ESP"]
[SourceTitle "playchess.com"]
[Source "ChessBase"]
[SourceQuality "1"]
[TimeControl "5400+30"]

1. d4 {[%emt 0:00:00]} d5 {[%emt 0:00:00]} 2. c4 {[%emt 0:00:00]} e5 {[%emt 0:00:00]} 3. dxe5 {[%emt 0:00:00]} d4 {[%emt 0:00:02]} 4. a3 {[%emt 0:00:00]} Nc6 {[%emt 0:00:19]} 5. e3 {[%emt 0:01:48]} Nxe5 {[%emt 0:01:26]} 6. exd4 {[%emt 0:11:11]} Nc6 {[%emt 0:03:15]} 7. d5 {[%emt 0:08:16]} Qe7+ {[%emt 0:15:48]} 8. Be2 {[%emt 0:04:29]} Ne5 {[%emt 0:02:06]} 9. Nc3 {[%emt 0:02:48]} Bf5 {[%emt 0:08:30]} 10. Be3 {[%emt 0:02:20]} O-O-O {[%emt 0:01:34]} 11. h3 {[%emt 0:07:29]} h5 {[%emt 0:03:01]} 12. Nf3 {[%emt 0:01:30]} Nxf3+ {[%emt 0:07:31]} 13. Bxf3 {[%emt 0:00:13]} g5 {[%emt 0:01:07]} 14. Qd4 {[%emt 0:02:48]} Rh6 {[%emt 0:02:20]} 15. c5 {[%emt 0:11:31]} g4 {[%emt 0:10:56]} 16. Be4 {[%emt 0:12:03]} Bxe4 {[%emt 0:08:42]} 17. Qxe4 {[%emt 0:00:55]} Qxe4 {[%emt 0:02:51]} 18. Nxe4 {[%emt 0:00:02]} Re8 {[%emt 0:02:18]} 19. Ng3 {[%emt 0:10:13]} Bxc5 {[%emt 0:01:09]} 20. O-O-O {[%emt 0:00:16]} Bxe3+ {[%emt 0:02:19]} 21. fxe3 {[%emt 0:00:02]} Re5 {[%emt 0:03:54]} 22. hxg4 {[%emt 0:03:40]} hxg4 {[%emt 0:01:12]} 23. e4 {[%emt 0:02:30]} Rxh1 {[%emt 0:02:35]} 24. Rxh1 {[%emt 0:00:02]} Kd7 {[%emt 0:00:26]} 25. Kc2 {[%emt 0:00:57]} Ne7 {[%emt 0:02:28]} 26. Kc3 {[%emt 0:00:46]} Nxd5+ {[%emt 0:00:56]} 27. Kd4 {[%emt 0:00:19]} Ke6 {[%emt 0:05:37]} 28. exd5+ {[%emt 0:01:12]} Rxd5+ {[%emt 0:00:13]} 29. Ke3 {[%emt 0:01:20]} f5 {[%emt 0:02:09]} 30. Ne2 {[%emt 0:01:02]} Ke5 {[%emt 0:00:35]} 31. Rh7 {[%emt 0:03:08]} c5 {[%emt 0:01:48]} 32. Rxb7 {[%emt 0:02:02]} c4 {[%emt 0:00:24]} 33. Re7+ {[%emt 0:01:12]} Kd6 {[%emt 0:02:16]} 34. Nf4 {[%emt 0:02:13]} Rd1 {[%emt 0:00:42]} 35. Rxa7 {[%emt 0:00:17]} Rb1 {[%emt 0:00:55]} 36. Ra6+ {[%emt 0:04:03]} Kd7 {[%emt 0:00:20]} 37. Ra4 {[%emt 0:02:26]} Rxb2 {[%emt 0:00:26]} 38. Rxc4 {[%emt 0:00:07]} Rb3+ {[%emt 0:00:23]} 39. Kd4 {[%emt 0:01:12]} Rxa3 {[%emt 0:00:14]} 40. Ke5 {[%emt 0:00:12]} Ra5+ {[%emt 0:00:26]} 41. Kf6 {[%emt 0:00:14]} Ke8 {[%emt 0:01:42]} 42. Rd4 {[%emt 0:00:25]} Rd5 {[%emt 0:03:52]} 43. Rxd5 {[%emt 0:00:41]} 1-0

[Event "7th Iberoamerican-ch 2019"]
[Site "Linares"]
[Date "2019.08.13"]
[Round "4.40"]
[White "Vara Soler, Luis"]
[Black "Perera Borrego, Maria Adela"]
[Result "*"]
[WhiteElo "1845"]
[BlackElo "2179"]
[Annotator "NA"]
[PlyCount "36"]
[EventDate "2019.08.10"]
[EventType "swiss"]
[EventCountry "ESP"]
[SourceTitle "playchess.com"]
[Source "ChessBase"]
[SourceQuality "1"]
[TimeControl "5400+30"]

1. e4 e6 {[%emt 0:00:00]} 2. d4 {[%emt 0:00:00]} d5 {[%emt 0:00:00]} 3. Nd2 {[%emt 0:00:00]} c5 {[%emt 0:00:00]} 4. exd5 {[%emt 0:00:05]} exd5 {[%emt 0:00:02]} 5. Ngf3 {[%emt 0:00:22]} Nc6 {[%emt 0:00:09]} 6. Bb5 {[%emt 0:03:23]} Qe7+ {[%emt 0:00:00]} 7. Qe2 {[%emt 0:00:30]} Qxe2+ {[%emt 0:00:22]} 8. Bxe2 {[%emt 0:00:37]} Nb4 {[%emt 0:01:40]} 9. Bd1 {[%emt 0:07:45]} Bf5 {[%emt 0:00:30]} 10. c3 {[%emt 0:03:01]} Nd3+ {[%emt 0:00:30]} 11. Kf1 {[%emt 0:00:30]} Bd6 12. dxc5 {[%emt 0:06:19]} Bxc5 {[%emt 0:10:56]} 13. Nd4 Bxd4 {[%emt 0:02:08]} 14. cxd4 {[%emt 0:00:41]} Ne7 {[%emt 0:03:46]} 15. Nb3 {[%emt 0:12:35]} Rc8 {[%emt 0:00:42]} 16. h4 {[%emt 0:04:47]} h5 {[%emt 0:01:36]} 17. g3 {[%emt 0:14:14]} Bg6 {[%emt 0:02:30]} 18. Kg2 O-O {[%emt 0:01:21]} *

[Event "7th Iberoamerican-ch 2019"]
[Site "Linares"]
[Date "2019.08.14"]
[Round "5.1"]
[White "Sosa, Tomas"]
[Black "Anton Guijarro, David"]
[Result "1-0"]
[WhiteElo "2508"]
[BlackElo "2678"]
[Annotator "TA"]
[PlyCount "89"]
[EventDate "2019.08.10"]
[EventType "swiss"]
[EventCountry "ESP"]
[SourceTitle "playchess.com"]
[Source "ChessBase"]
[SourceQuality "1"]

{[%evp 16,89,16,0,13,4,31,18,16,18,0,0,0,0,15,0,0,-6,0,-24,-25,-18,14,6,23,14,20,28,24,-15,38,11,14,4,15,16,12,16,12,12,14,10,18,14,35,32,33,14,20,20,23,10,127,160,145,154,193,187,391,361,436,436,431,429,429,429,429,429,429,391,431,431,424,424,468,424]} 1. e4 c5 2. Nf3 d6 3. d4 cxd4 4. Nxd4 Nf6 5. Nc3 Nc6 6. Be2 e6 7. Be3 Be7 8. O-O O-O 9. Kh1 e5 {B83: Sicilian Scheveningen: 6 Be2, lines without ...a6} (9... Bd7 10. f4 Nxd4 11. Bxd4 Bc6 12. Bd3 Nd7 13. Qe2 e5 14. Be3 exf4 15. Bxf4 Ne5 16. Bxe5 dxe5 17. Bc4 Bc5 18. Bxf7+ Kh8 19. Bd5 Bd4 20. Qc4 Qb6 21. Rxf8+ Rxf8 {1-0 (35) Adhiban,B (2689)-Vazquez Igarza,R (2567) Caleta 2019}) 10. Nb3 a5 11. Nd2 Be6 {The position is equal.} 12. Nc4 b5 13. Nxb5 Nxe4 14. f3 Nf6 15. Nbxd6 $146 ({Predecessor:} 15. Ncxd6 Nd5 16. Bc5 Nd4 17. Bxd4 exd4 18. Qxd4 Bxd6 19. c4 Nf4 20. Nxd6 Nxe2 21. Qe5 Bxc4 22. Nxc4 Re8 {½-½ (22) Glinz,G (2493)-Asquith,J (2433) ICCF email 2009}) 15... Nd5 16. Ne4 {[%cal Bd6e4,Be4d2,Bd2b3][%mdl 32]} Nxe3 17. Nxe3 Qd4 18. Qxd4 Nxd4 (18... exd4 {keeps more tension.} 19. Nc4 Nb4 20. Rfc1 Rac8 21. b3 a4) 19. Bd3 Rfd8 20. Rfd1 f5 21. Nd2 Bg5 22. Nec4 Bf6 ({Black should try} 22... Rac8 $11 23. c3 Nc6) 23. Nb3 e4 24. fxe4 fxe4 25. Bxe4 Bxc4 26. Nxd4 Rab8 27. Nc6 Rxd1+ 28. Rxd1 Rxb2 29. Nxa5 Bf7 30. Nb7 Bxa2 31. Nd6 Be5 {Strongly threatening ...Bxd6.} 32. g3 g6 33. Nc8 Rb1 (33... Kf8 $11) 34. Rxb1 $16 Bxb1 {[%mdl 4096] Endgame KBB-KBN} 35. Bd5+ $1 Kf8 {[#]} 36. Bb3 $1 Bd4 $2 {[#]} (36... Kg7 {might work better.} 37. Nb6 Bc3) 37. Nd6 $1 $18 Bc5 38. Ne4 Bb4 39. Kg2 Kg7 40. Kf3 Kh6 41. Ke2 Kh5 42. h3 g5 43. Nd2 {White is clearly winning.} g4 44. h4 ({Don't do} 44. Nxb1 gxh3 45. Kf2 Bc5+ 46. Kf3 Kg6 $18) 44... Bd6 45. Kf2 {Accuracy: White = 73%, Black = 40%.} ({Less strong is} 45. Nxb1 Bxg3 46. c4 Bb8 $18) 1-0

[Event "7th Iberoamerican-ch 2019"]
[Site "Linares"]
[Date "2019.08.14"]
[Round "5.2"]
[White "Henriquez Villagra, Cristobal"]
[Black "Delgado Ramirez, Neuris"]
[Result "1/2-1/2"]
[WhiteElo "2562"]
[BlackElo "2612"]
[Annotator "ChessBase"]
[PlyCount "96"]
[EventDate "2019.08.10"]
[EventType "swiss"]
[EventCountry "ESP"]
[SourceTitle "playchess.com"]
[Source "ChessBase"]
[SourceQuality "1"]
[TimeControl "5400+30"]

1. e4 {[%emt 0:01:06]} c5 {[%emt 0:00:00]} 2. Nf3 {[%emt 0:00:06]} d6 {[%emt 0:00:00]} 3. Bb5+ {[%emt 0:00:06]} Bd7 {[%emt 0:00:00]} 4. Bxd7+ {[%emt 0:00:59]} Nxd7 {[%emt 0:00:05]} 5. O-O {[%emt 0:00:40]} Ngf6 {[%emt 0:00:15]} 6. Qe2 {[%emt 0:00:53]} Rc8 {[%emt 0:01:53]} 7. b3 {[%emt 0:02:20]} e6 {[%emt 0:01:26]} 8. Bb2 {[%emt 0:02:17]} Be7 {[%emt 0:02:18]} 9. c4 {[%emt 0:01:14]} O-O {[%emt 0:00:10]} 10. Nc3 {[%emt 0:01:27]} a6 {[%emt 0:03:12]} 11. d4 {[%emt 0:01:30]} cxd4 {[%emt 0:00:07]} 12. Nxd4 {[%emt 0:00:05]} Re8 {[%emt 0:02:28]} 13. Rad1 {[%emt 0:06:44]} Qc7 {[%emt 0:01:29]} 14. Rfe1 {[%emt 0:09:42]} Bf8 {[%emt 0:00:11]} 15. Kh1 {[%emt 0:02:19]} Qa5 {[%emt 0:06:32]} 16. f4 {[%emt 0:14:04]} e5 {[%emt 0:03:22]} 17. Nf5 {[%emt 0:03:37]} exf4 {[%emt 0:08:57]} 18. Qf3 {[%emt 0:12:18]} Re6 {[%emt 0:02:50]} 19. Qxf4 {[%emt 0:02:24]} Rce8 {[%emt 0:01:02]} 20. Rf1 {[%emt 0:00:39]} Ne5 {[%emt 0:05:16]} 21. Nd5 {[%emt 0:04:39]} Nfd7 {[%emt 0:04:02]} 22. c5 {[%emt 0:08:45]} dxc5 {[%emt 0:04:30]} 23. Nde3 {[%emt 0:09:55]} f6 {[%emt 0:07:00]} 24. Qg3 {[%emt 0:00:16]} Kh8 {[%emt 0:00:24]} 25. Nc4 {[%emt 0:00:57]} Qc7 {[%emt 0:02:52]} 26. Ncd6 {[%emt 0:01:30]} Rxd6 {[%emt 0:00:49]} 27. Rxd6 {[%emt 0:00:04]} g6 {[%emt 0:02:34]} 28. Bxe5 {[%emt 0:01:47]} Nxe5 {[%emt 0:01:06]} 29. Rxf6 {[%emt 0:02:13]} gxf5 {[%emt 0:00:12]} 30. exf5 {[%emt 0:00:26]} Qg7 {[%emt 0:04:32]} 31. Qxg7+ {[%emt 0:00:33]} Kxg7 {[%emt 0:00:27]} 32. Rb6 {[%emt 0:00:04]} Rb8 {[%emt 0:01:28]} 33. Rd1 {[%emt 0:00:03]} Kg8 {[%emt 0:02:26]} 34. Re6 {[%emt 0:01:45]} Nc6 {[%emt 0:00:34]} 35. Rd7 {[%emt 0:02:00]} Rd8 {[%emt 0:03:48]} 36. Rxd8 {[%emt 0:00:24]} Nxd8 {[%emt 0:00:02]} 37. Rb6 {[%emt 0:01:04]} Kf7 {[%emt 0:00:43]} 38. g4 {[%emt 0:00:15]} Ke7 {[%emt 0:01:34]} 39. g5 {[%emt 0:00:41]} Kd7 {[%emt 0:00:10]} 40. g6 {[%emt 0:00:21]} hxg6 {[%emt 0:00:07]} 41. Rxg6 {[%emt 0:00:02]} Nc6 {[%emt 0:01:59]} 42. h4 {[%emt 0:01:04]} Nd4 {[%emt 0:01:42]} 43. h5 {[%emt 0:00:28]} Nxf5 {[%emt 0:00:27]} 44. Rf6 {[%emt 0:00:23]} Ng3+ {[%emt 0:00:16]} 45. Kg2 {[%emt 0:00:04]} Be7 {[%emt 0:00:14]} 46. Rb6 {[%emt 0:00:52]} Nxh5 {[%emt 0:01:18]} 47. Rxb7+ {[%emt 0:00:04]} Kd6 {[%emt 0:00:21]} 48. Rb6+ {[%emt 0:01:24]} Ke5 1/2-1/2

[Event "7th Iberoamerican-ch 2019"]
[Site "Linares"]
[Date "2019.08.14"]
[Round "5.3"]
[White "Flores, Diego"]
[Black "Huerga Leache, Mikel"]
[Result "1/2-1/2"]
[WhiteElo "2604"]
[BlackElo "2440"]
[Annotator "ChessBase"]
[PlyCount "89"]
[EventDate "2019.08.10"]
[EventType "swiss"]
[EventCountry "ESP"]
[SourceTitle "playchess.com"]
[Source "ChessBase"]
[SourceQuality "1"]
[TimeControl "5400+30"]

1. Nf3 {[%emt 0:02:02]} Nf6 {[%emt 0:00:00]} 2. g3 {[%emt 0:02:13]} b6 {[%emt 0:00:01]} 3. Bg2 {[%emt 0:01:49]} Bb7 {[%emt 0:00:08]} 4. O-O {[%emt 0:01:39]} g6 {[%emt 0:00:53]} 5. c4 {[%emt 0:05:36]} Bg7 {[%emt 0:00:41]} 6. Nc3 {[%emt 0:05:18]} O-O {[%emt 0:00:44]} 7. d3 {[%emt 0:01:32]} d5 {[%emt 0:00:26]} 8. Ne5 {[%emt 0:04:11]} Nbd7 {[%emt 0:06:12]} 9. d4 {[%emt 0:04:40]} e6 {[%emt 0:05:33]} 10. Bg5 {[%emt 0:08:04]} h6 {[%emt 0:02:30]} 11. Nxd7 {[%emt 0:04:37]} Qxd7 {[%emt 0:00:42]} 12. Bxf6 {[%emt 0:00:07]} Bxf6 {[%emt 0:00:10]} 13. cxd5 {[%emt 0:00:08]} Bxd5 {[%emt 0:19:52]} 14. Nxd5 {[%emt 0:00:55]} exd5 {[%emt 0:00:15]} 15. Rc1 {[%emt 0:02:48]} Rfd8 {[%emt 0:04:49]} 16. e3 {[%emt 0:01:13]} Rac8 {[%emt 0:03:24]} 17. b4 {[%emt 0:02:00]} Be7 {[%emt 0:01:50]} 18. Qb3 {[%emt 0:03:00]} c5 {[%emt 0:01:06]} 19. bxc5 {[%emt 0:02:51]} bxc5 {[%emt 0:00:08]} 20. dxc5 {[%emt 0:00:09]} Bxc5 {[%emt 0:07:11]} 21. Rfd1 {[%emt 0:07:56]} d4 {[%emt 0:01:40]} 22. exd4 {[%emt 0:20:04]} Bxd4 {[%emt 0:02:47]} 23. Rxc8 {[%emt 0:00:17]} Qxc8 {[%emt 0:15:50]} 24. Bd5 {[%emt 0:00:23]} Qc5 {[%emt 0:00:19]} 25. Bxf7+ {[%emt 0:00:23]} Kg7 {[%emt 0:00:17]} 26. Qb7 {[%emt 0:01:55]} Qb6 {[%emt 0:07:54]} 27. Qxb6 {[%emt 0:02:39]} Bxb6 {[%emt 0:00:14]} 28. Bd5 {[%emt 0:01:09]} g5 {[%emt 0:01:49]} 29. Kg2 {[%emt 0:00:12]} Kf6 {[%emt 0:01:13]} 30. f4 {[%emt 0:00:51]} gxf4 {[%emt 0:00:14]} 31. gxf4 {[%emt 0:00:11]} Rd6 {[%emt 0:01:49]} 32. Kf3 {[%emt 0:00:25]} Rd8 {[%emt 0:00:26]} 33. h4 {[%emt 0:05:42]} h5 {[%emt 0:04:09]} 34. Rd3 {[%emt 0:03:08]} Rd7 {[%emt 0:01:12]} 35. Rd2 {[%emt 0:01:34]} Rd8 {[%emt 0:00:37]} 36. Rd1 {[%emt 0:01:37]} Rd7 {[%emt 0:00:29]} 37. Bb3 {[%emt 0:00:52]} Rxd1 {[%emt 0:00:11]} 38. Bxd1 {[%emt 0:00:06]} Bd8 {[%emt 0:00:31]} 39. Kg3 {[%emt 0:01:03]} Kg6 {[%emt 0:00:10]} 40. Bc2+ {[%emt 0:00:30]} Kh6 {[%emt 0:00:21]} 41. Ba4 {[%emt 0:00:22]} Bf6 {[%emt 0:01:07]} 42. Be8 {[%emt 0:00:08]} Be7 {[%emt 0:00:18]} 43. f5 {[%emt 0:00:40]} Bf6 {[%emt 0:00:16]} 44. a4 {[%emt 0:00:17]} a5 {[%emt 0:01:00]} 45. Bf7 {[%emt 0:00:27]} 1/2-1/2

[Event "7th Iberoamerican-ch 2019"]
[Site "Linares"]
[Date "2019.08.14"]
[Round "5.4"]
[White "Vallejo Pons, Francisco"]
[Black "Garriga Cazorla, Pere"]
[Result "1-0"]
[WhiteElo "2678"]
[BlackElo "2495"]
[Annotator "TA"]
[PlyCount "65"]
[EventDate "2019.08.10"]
[EventType "swiss"]
[EventCountry "ESP"]
[SourceTitle "playchess.com"]
[Source "ChessBase"]
[SourceQuality "1"]

{[%evp 16,65,27,16,26,19,22,17,12,14,16,21,18,17,16,16,25,29,15,30,9,0,0,-12,4,0,16,0,77,63,94,101,125,93,104,107,227,242,390,327,412,187,945,942,1310,1008,793,562,29985,29984,29983,29982]} 1. e4 c5 2. Nf3 d6 3. d4 cxd4 4. Nxd4 Nf6 5. Nc3 a6 6. Bg5 e6 7. f4 h6 8. Bh4 Qb6 9. a3 Nbd7 {B96: Sicilian Najdorf: 6 Bg5 e6 7 f4, lines other than 7...Qb6 and 7...Be7} (9... Be7 10. Bf2 Qc7 11. Qf3 Nbd7 12. O-O-O b5 13. g4 Bb7 14. h4 Nc5 15. Bd3 h5 16. g5 Ng4 17. Rhg1 {½-½ (25) Grischuk,A (2766)-Vachier Lagrave,M (2779) Saint Louis 2018}) 10. Bf2 {aiming for Nxe6!} Qc7 11. Bd3 b5 {The position is equal.} 12. Qe2 Bb7 13. O-O-O Nc5 14. Kb1 Be7 15. g4 $146 ({Predecessor:} 15. Rhe1 O-O 16. g4 d5 17. exd5 Nxd5 18. Nxd5 Bxd5 {½-½ (35) Alvir,A (2341)-Kiss,A (2383) Austria 2015}) 15... d5 {[%cal Rd5e4]} 16. e5 Nfe4 17. Bxe4 Nxe4 18. Nxe4 dxe4 19. Rhg1 Rc8 20. Rg3 Bd5 21. Be1 g5 (21... Qc4 $11 {keeps the balance.} 22. Qxc4 Rxc4) 22. Rc3 $16 Qb8 23. f5 $1 Rc4 24. fxe6 fxe6 {[#]} 25. Nf5 $1 {[%cal Rf5e7][%mdl 512]} Bf8 (25... Qc7 $16 {keeps fighting.}) (25... exf5 26. Rxd5) 26. Ne3 $1 $18 {[%csl LRc4,LRd5] Threatens to win with Qf1.} Rxc3 (26... Qb7 $142 27. Nxc4 bxc4 28. Rxc4 Bxa3) 27. Bxc3 Bc6 28. Qf1 (28. Qf2 $142 {Hoping for Qf6!} Bg7 {[#]} 29. Nf5 $1 {[%mdl 512]}) 28... Be7 $2 {[#]} (28... Bg7 29. Ba5 Qxe5) 29. Nf5 $1 {[%cal Rf5g7][%mdl 512]} Bf8 (29... exf5 30. Qxf5) 30. Nd6+ Bxd6 31. Rxd6 Bd5 32. Qf6 Rh7 33. Ba5 {Accuracy: White = 70%, Black = 37%.} 1-0

[Event "7th Iberoamerican-ch 2019"]
[Site "Linares"]
[Date "2019.08.14"]
[Round "5.5"]
[White "Espinosa Aranda, Angel"]
[Black "Salgado Lopez, Ivan"]
[Result "1/2-1/2"]
[WhiteElo "2497"]
[BlackElo "2596"]
[Annotator "ChessBase"]
[PlyCount "120"]
[EventDate "2019.08.10"]
[EventType "swiss"]
[EventCountry "ESP"]
[SourceTitle "playchess.com"]
[Source "ChessBase"]
[SourceQuality "1"]
[TimeControl "5400+30"]

1. e4 {[%emt 0:00:00]} g6 {[%emt 0:00:43]} 2. d4 {[%emt 0:00:37]} Bg7 {[%emt 0:00:08]} 3. Nc3 {[%emt 0:01:28]} d6 {[%emt 0:00:09]} 4. Bg5 {[%emt 0:03:38]} c6 {[%emt 0:00:21]} 5. Qd2 {[%emt 0:00:35]} b5 {[%emt 0:00:22]} 6. f4 {[%emt 0:00:56]} b4 {[%emt 0:00:45]} 7. Nd1 {[%emt 0:01:17]} Nd7 {[%emt 0:00:19]} 8. Nf3 {[%emt 0:03:11]} Rb8 {[%emt 0:04:32]} 9. a3 {[%emt 0:04:01]} b3 {[%emt 0:02:04]} 10. c3 {[%emt 0:04:50]} Ngf6 {[%emt 0:07:35]} 11. Bd3 {[%emt 0:02:06]} d5 {[%emt 0:01:20]} 12. Nf2 {[%emt 0:07:04]} dxe4 {[%emt 0:03:20]} 13. Nxe4 {[%emt 0:00:06]} O-O {[%emt 0:08:31]} 14. O-O {[%emt 0:06:56]} c5 {[%emt 0:05:03]} 15. Bxf6 {[%emt 0:17:31]} exf6 {[%emt 0:03:16]} 16. Nxc5 {[%emt 0:01:15]} Nxc5 {[%emt 0:00:44]} 17. dxc5 {[%emt 0:00:05]} Qd5 {[%emt 0:16:11]} 18. Qe3 {[%emt 0:03:31]} Bb7 {[%emt 0:00:11]} 19. Rad1 {[%emt 0:02:18]} Qc6 {[%emt 0:15:59]} 20. Qf2 {[%emt 0:06:33]} Ba8 {[%emt 0:08:32]} 21. Bc4 {[%emt 0:02:53]} Rfc8 {[%emt 0:01:20]} 22. Rd6 {[%emt 0:06:56]} Qc7 {[%emt 0:01:50]} 23. Nd4 {[%emt 0:03:32]} Kh8 {[%emt 0:04:37]} 24. Bxb3 {[%emt 0:07:07]} Qxc5 {[%emt 0:03:30]} 25. Rd7 {[%emt 0:00:06]} Rc7 {[%emt 0:04:48]} 26. Rxf7 {[%emt 0:02:14]} Rxf7 {[%emt 0:02:11]} 27. Bxf7 {[%emt 0:00:05]} f5 {[%emt 0:00:07]} 28. Re1 {[%emt 0:03:22]} Be4 {[%emt 0:00:17]} 29. Ba2 {[%emt 0:00:26]} Bf6 {[%emt 0:03:46]} 30. Re2 {[%emt 0:03:24]} Rd8 {[%emt 0:00:59]} 31. Rd2 {[%emt 0:00:08]} h5 {[%emt 0:00:36]} 32. Nf3 {[%emt 0:01:00]} Qc7 {[%emt 0:00:35]} 33. Ne5 {[%emt 0:00:45]} Rxd2 {[%emt 0:00:45]} 34. Qxd2 {[%emt 0:00:07]} Qb6+ {[%emt 0:01:00]} 35. Qf2 {[%emt 0:00:36]} Qa6 {[%emt 0:00:14]} 36. Qc5 {[%emt 0:01:11]} Kh7 {[%emt 0:00:28]} 37. Bc4 {[%emt 0:01:46]} Qb7 {[%emt 0:00:30]} 38. Qf8 {[%emt 0:00:21]} Qb6+ {[%emt 0:00:39]} 39. Kf1 {[%emt 0:00:58]} Bxg2+ {[%emt 0:00:14]} 40. Kxg2 {[%emt 0:00:21]} Qxb2+ {[%emt 0:00:05]} 41. Kg1 {[%emt 0:01:20]} Qc1+ {[%emt 0:00:26]} 42. Bf1 {[%emt 0:00:17]} Qe3+ {[%emt 0:00:57]} 43. Kg2 {[%emt 0:00:04]} Qd2+ {[%emt 0:00:54]} 44. Kh1 {[%emt 0:00:18]} Bxe5 {[%emt 0:00:35]} 45. fxe5 {[%emt 0:00:07]} Qf2 {[%emt 0:00:11]} 46. Qf7+ {[%emt 0:00:23]} Kh6 {[%emt 0:00:06]} 47. Qc4 {[%emt 0:00:20]} Qf3+ {[%emt 0:00:21]} 48. Bg2 {[%emt 0:00:13]} Qe3 {[%emt 0:00:15]} 49. Qf1 {[%emt 0:01:33]} Qxc3 {[%emt 0:00:34]} 50. Qf4+ {[%emt 0:00:55]} Kg7 {[%emt 0:00:21]} 51. h4 {[%emt 0:00:08]} Qxa3 {[%emt 0:00:07]} 52. Qd4 {[%emt 0:00:23]} Qg3 {[%emt 0:01:41]} 53. Qxa7+ {[%emt 0:01:15]} Kh6 {[%emt 0:00:44]} 54. Qe7 {[%emt 0:00:26]} f4 {[%emt 0:00:13]} 55. Qf6 {[%emt 0:01:31]} Qe1+ {[%emt 0:00:17]} 56. Kh2 {[%emt 0:00:06]} Qg3+ {[%emt 0:00:15]} 57. Kg1 {[%emt 0:00:06]} Qe3+ {[%emt 0:00:58]} 58. Kf1 {[%emt 0:00:28]} Qd3+ {[%emt 0:00:29]} 59. Ke1 {[%emt 0:01:10]} Qe3+ {[%emt 0:00:13]} 60. Kf1 {[%emt 0:00:13]} Qd3+ {[%emt 0:00:20]} 1/2-1/2